Ведомости о количестве пожаров по губерниям за 1867 год и о размере понесенных в связи с ними убытков

Доступно только в Электронных читальных залах Найти на картеНа карте
RUSMARC
00003724nmc2a22000003x 450
0012644feb4-4755-46b4-93b9-df02c525f7ed
00520210317025443.0
100##$a20181221l18671867k l0rusy0189 ca
1010#$arus
102##$aRU
2001#$aВедомости о количестве пожаров по губерниям за 1867 год и о размере понесенных в связи с ними убытков
$j1867 г.
$hЧасть 2
251##$cДело
300##$aДело
801#0$aRU
$bРГИА
$c20181221
$gRCR
801#1$aRU
$bГлавНИВЦ
$c20181221
$2rusmarc
801#2$aRU
$bПБ им. Б.Н. Ельцина
$c20210317
$gRCR
$2rusmarc
850##$aРГИА
852##$aРГИА
$eФедеральное казенное учреждение "Российский государственный исторический архив" (РГИА)
$j1460
937##$hРГИА
$d12297130
$aASBIBLIO_SCAN
462#0$100191353b96-cc3d-4f24-9eeb-3bfef1665a95
$12001
$aДела Департамента полиции исполнительной МВД за 1867 год
$1251
$cОпись
$1852
$j28
$l1867 г.
461#0$10013e300ed0-cd39-49af-8489-5ba5b90fa401
$12001
$aДепартамент полиции исполнительной МВД
$1251
$cФонд
$1852
$j1286
215##$a117 л.
$d36,5х26 см
371##$aДокумент не является опубликованным и широко распространяемым
105##$ay###
1222#$ad
035##$a2644feb4-4755-46b4-93b9-df02c525f7ed
856##$uhttp://readingroom.main.prlib.ru/item.aspx?id_node=n158974738&mode=full
Формат отображения